[Event "Kurnosov Memorial Rapid 2019"]
[Site "Chelyabinsk"]
[Date "2019.09.07"]
[Round "6.5"]
[White "Volkov, Sergey"]
[Black "Mischuk, Dmitry"]
[Result "1-0"]
[WhiteElo "2557"]
[BlackElo "2372"]
[Annotator "TA"]
[PlyCount "83"]
[EventDate "2019.09.06"]
[EventType "swiss"]
[EventCountry "RUS"]
[SourceTitle "playchess.com"]
[Source "ChessBase"]
[SourceQuality "1"]

{[%evp 15,83,30,16,24,27,-7,0,0,0,4,3,-37,0,-61,-39,-63,-46,-57,-55,-83,-34,-28,11,12,12,15,13,0,0,0,0,0,-7,-12,0,0,0,0,0,-20,0,0,0,0,36,44,50,52,54,50,54,30,47,25,37,20,18,22,344,342,1429,1328,12825,5831,29985,1526,4133,1918,5306,5122]} 1. d4 d5 2. c4 c6 3. e3 Nf6 4. Nc3 e6 5. Nf3 a6 6. b3 Bb4 7. Bd2 Nbd7 8. Bd3 O-O 9. O-O {D45: Semi-Slav: 5 e3} Bd6 10. a4 $146 ({Predecessor:} 10. e4 dxc4 11. e5 cxd3 12. exd6 Nb6 13. Bg5 Qxd6 14. Bxf6 gxf6 15. Ne4 Qf4 16. Qxd3 Nd5 {0-1 (38) Tabatabaei,M (2576)-Bu,X (2712) Batumi 2018}) 10... e5 {Hoping for ...e4.} 11. cxd5 {The position is equal.} cxd5 {next ...e4 is good for Black.} 12. dxe5 Nxe5 13. Be2 Bd7 14. a5 (14. Bc1 $11) 14... Nc6 15. Be1 Be6 ({Don't play} 15... Nxa5 16. Nxd5 Nc6 17. Bc3 $11) 16. Nd4 Nxd4 17. exd4 Bb4 {[#]} 18. Ne4 $1 {[%mdl 512]} Bxe1 (18... dxe4 {feels hotter.} 19. Bxb4 Re8 20. Bc4 Nd5 21. Bd2 Rc8) 19. Nxf6+ Qxf6 20. Rxe1 Rac8 21. b4 Rc3 22. b5 axb5 23. Bxb5 g6 24. Re3 Rc7 25. h3 Rfc8 26. Bf1 Rc2 27. Re2 Rxe2 28. Bxe2 Rc3 29. Qd2 Rc7 30. Rb1 Kg7 31. Qe3 h5 32. Rb6 Kh7 33. Bf3 {Strongly threatening Bxd5!} Qd8 34. Qf4 Qc8 35. Kh2 Rc2 36. Qe5 {Threatens to win with a6.} Rxf2 $2 {[%mdl 8192] [#]} (36... Ra2 $11 {and Black is okay.}) 37. a6 $1 $18 {[%cal Ra6b7]} Rxf3 $2 (37... bxa6 38. Rb8 f6) 38. axb7 ({Less strong is} 38. gxf3 Qc2+ 39. Kg3 bxa6 $11) 38... Qc2 39. Rxe6 Rf2 40. Qg3 (40. b8=Q $142 Rxg2+ 41. Kh1 Rh2+ 42. Qxh2 Qf5 43. Re1 g5 44. Qg2 Kg7 {[#]} 45. Re5 $1 {[%mdl 576] Double Attack}) 40... fxe6 41. b8=Q Rf7 42. Qge5 {Accuracy: White = 57%, Black = 39%.} 1-0

[Event "Kurnosov Memorial Rapid 2019"]
[Site "Chelyabinsk"]
[Date "2019.09.07"]
[Round "6.6"]
[White "Ponkratov, Pavel"]
[Black "Kostenko, Petr"]
[Result "1-0"]
[WhiteElo "2644"]
[BlackElo "2472"]
[Annotator "TA"]
[PlyCount "59"]
[EventDate "2019.09.06"]
[EventType "swiss"]
[EventCountry "RUS"]
[SourceTitle "playchess.com"]
[Source "ChessBase"]
[SourceQuality "1"]

{[%evp 16,59,8,15,27,0,0,0,0,0,0,0,16,0,11,16,19,8,36,23,262,98,114,95,110,108,83,114,109,116,275,170,69,0,87,106,740,733,29995,29996,29996,29997,29997,29998,29998,29999]} 1. e4 e6 2. d4 d5 3. Nc3 Nf6 4. e5 Nfd7 5. f4 c5 6. Nf3 Nc6 7. Be3 a6 8. Qd2 b5 9. a3 Bb7 {C11: French: Classical System: 4 e5 and 4 Bg5 dxe4} 10. Be2 Be7 11. O-O O-O {The position is equal.} 12. Rad1 {[%cal Ba1d1,Bd1d2,Bd2d6][%mdl 32]} Rc8 13. Kh1 Qc7 14. Qe1 {[#]} b4 $146 ({Predecessor:} 14... cxd4 15. Nxd4 Nxd4 16. Bxd4 Bc5 {0-1 (45) Karjakin,S (2720)-Carlsen,M (2810) Wijk aan Zee 2010}) 15. axb4 Nxb4 16. Rd2 Nb6 17. Qg3 Rfd8 $2 {[#]} (17... Kh8 $11) 18. dxc5 $2 (18. f5 $1 $18 {[%mdl 512] is the precise move to win.}) 18... Nc4 $16 19. Bxc4 $1 dxc4 20. Rd6 Nxc2 {[#]} 21. Bg1 $1 Nb4 {[#]} 22. f5 $1 {[%cal Rf5f6][%mdl 512] Threatens to win with f6!} Bxf3 $2 (22... Kh8 $16) (22... exf5 23. Nd4) 23. Rxf3 exf5 24. Bd4 (24. Rxf5 $14 Bxd6 25. exd6) 24... g6 (24... Qa5 $11) 25. Rxf5 $40 {[%mdl 128] Black must now prevent Ne4. White has strong attack.} Bxd6 $4 {[%mdl 8192]} (25... Nc6 $16 26. Be3 Bxd6 27. exd6 Qd7) 26. exd6 $18 {Qe5 is the strong threat.} Qd7 {[#]} 27. Qe5 $1 {[%csl Gd4][%cal Re5h8][%mdl 512] White mates.} f6 {[#]} 28. Qxf6 $1 {[%csl Gd4][%cal Rf6h8][%mdl 512]} gxf5 29. Qh8+ Kf7 30. Qg7+ {Accuracy: White = 50%, Black = 28%.} 1-0

[Event "Kurnosov Memorial Rapid 2019"]
[Site "Chelyabinsk"]
[Date "2019.09.07"]
[Round "6.7"]
[White "Galliamova, Alisa"]
[Black "Yudin, Sergei"]
[Result "0-1"]
[WhiteElo "2388"]
[BlackElo "2494"]
[Annotator "ChessBase"]
[PlyCount "88"]
[EventDate "2019.09.06"]
[EventType "swiss"]
[EventCountry "RUS"]
[SourceTitle "playchess.com"]
[Source "ChessBase"]
[SourceQuality "1"]
[TimeControl "900+10"]

1. d4 {[%emt 0:00:00]} d5 {[%emt 0:02:31]} 2. Nf3 {[%emt 0:00:00]} c6 {[%emt 0:00:01]} 3. e3 {[%emt 0:00:31]} Bf5 {[%emt 0:00:13]} 4. Bd3 {[%emt 0:00:05]} Bg6 {[%emt 0:00:15]} 5. O-O {[%emt 0:00:06]} Nf6 {[%emt 0:00:05]} 6. b3 {[%emt 0:01:39]} e6 {[%emt 0:00:06]} 7. Ne5 {[%emt 0:00:32]} Nbd7 {[%emt 0:00:08]} 8. Nxg6 {[%emt 0:01:50]} hxg6 {[%emt 0:00:03]} 9. Nd2 {[%emt 0:00:03]} e5 {[%emt 0:00:24]} 10. dxe5 {[%emt 0:03:25]} Nxe5 {[%emt 0:00:15]} 11. Be2 {[%emt 0:00:02]} Bd6 {[%emt 0:00:04]} 12. h3 {[%emt 0:00:49]} Qe7 {[%emt 0:00:04]} 13. Bb2 {[%emt 0:00:07]} O-O-O {[%emt 0:00:03]} 14. Nf3 {[%emt 0:00:07]} Ne4 {[%emt 0:01:06]} 15. Nxe5 {[%emt 0:00:27]} Bxe5 {[%emt 0:00:03]} 16. Bxe5 {[%emt 0:00:03]} Qxe5 {[%emt 0:00:02]} 17. Qd4 {[%emt 0:00:01]} Qxd4 {[%emt 0:00:58]} 18. exd4 {[%emt 0:00:01]} Rde8 {[%emt 0:00:04]} 19. Bd3 {[%emt 0:00:04]} Kc7 {[%emt 0:00:11]} 20. f3 {[%emt 0:00:19]} Nd6 {[%emt 0:00:07]} 21. Rfe1 {[%emt 0:00:07]} g5 {[%emt 0:00:21]} 22. Kf2 {[%emt 0:00:02]} b6 {[%emt 0:00:05]} 23. Rxe8 {[%emt 0:00:46]} Rxe8 {[%emt 0:00:03]} 24. Rh1 {[%emt 0:00:07]} c5 {[%emt 0:00:30]} 25. dxc5 {[%emt 0:00:08]} bxc5 {[%emt 0:00:02]} 26. h4 {[%emt 0:00:12]} Rh8 {[%emt 0:00:04]} 27. h5 {[%emt 0:00:48]} Kc6 {[%emt 0:00:35]} 28. g4 {[%emt 0:00:07]} a5 {[%emt 0:00:13]} 29. Re1 {[%emt 0:00:13]} Re8 {[%emt 0:00:09]} 30. Rxe8 {[%emt 0:00:15]} Nxe8 {[%emt 0:00:01]} 31. f4 {[%emt 0:00:10]} f6 {[%emt 0:00:08]} 32. Ke3 {[%emt 0:00:47]} Nd6 {[%emt 0:00:09]} 33. c3 {[%emt 0:01:01]} c4 {[%emt 0:00:27]} 34. Be2 {[%emt 0:00:25]} Kc5 {[%emt 0:00:25]} 35. fxg5 {[%emt 0:00:34]} fxg5 {[%emt 0:00:06]} 36. Bf3 {[%emt 0:00:03]} Nb5 {[%emt 0:00:30]} 37. b4+ {[%emt 0:02:44]} Kd6 {[%emt 0:02:20]} 38. bxa5 {[%emt 0:01:38]} Nxc3 {[%emt 0:00:07]} 39. a4 {[%emt 0:00:25]} Kc5 {[%emt 0:01:12]} 40. a6 {[%emt 0:00:28]} d4+ {[%emt 0:00:34]} 41. Kd2 {[%emt 0:00:16]} Kb6 {[%emt 0:00:02]} 42. Bg2 {[%emt 0:00:12]} Nxa4 {[%emt 0:01:20]} 43. Bf1 {[%emt 0:00:09]} c3+ {[%emt 0:00:11]} 44. Kc2 {[%emt 0:00:11]} Nc5 {[%emt 0:00:02]} 0-1

[Event "Kurnosov Memorial Rapid 2019"]
[Site "Chelyabinsk"]
[Date "2019.09.07"]
[Round "6.8"]
[White "Pridorozhni, Aleksei"]
[Black "Urazayev, Arystanbek"]
[Result "1/2-1/2"]
[WhiteElo "2599"]
[BlackElo "2442"]
[Annotator "ChessBase"]
[PlyCount "98"]
[EventDate "2019.09.06"]
[EventType "swiss"]
[EventCountry "RUS"]
[SourceTitle "playchess.com"]
[Source "ChessBase"]
[SourceQuality "1"]
[TimeControl "900+10"]

1. e4 {[%emt 0:00:00]} e5 {[%emt 0:00:00]} 2. Nf3 {[%emt 0:00:00]} Nc6 {[%emt 0:00:00]} 3. Bb5 {[%emt 0:00:00]} a6 {[%emt 0:00:00]} 4. Ba4 {[%emt 0:00:01]} Nf6 {[%emt 0:00:00]} 5. Bxc6 {[%emt 0:00:31]} dxc6 {[%emt 0:00:00]} 6. d3 {[%emt 0:00:01]} Bd6 {[%emt 0:00:07]} 7. Nbd2 {[%emt 0:00:06]} O-O {[%emt 0:00:13]} 8. b3 {[%emt 0:00:03]} c5 {[%emt 0:00:13]} 9. Bb2 {[%emt 0:00:04]} Re8 {[%emt 0:00:02]} 10. Nc4 {[%emt 0:00:11]} Nd7 {[%emt 0:00:04]} 11. a4 {[%emt 0:00:06]} b6 {[%emt 0:00:03]} 12. O-O {[%emt 0:00:31]} f6 {[%emt 0:00:04]} 13. Nh4 {[%emt 0:00:32]} Nf8 {[%emt 0:00:05]} 14. Nf5 {[%emt 0:00:03]} Ne6 {[%emt 0:00:54]} 15. g3 {[%emt 0:00:20]} Bf8 {[%emt 0:00:37]} 16. f4 {[%emt 0:00:29]} exf4 {[%emt 0:00:29]} 17. gxf4 {[%emt 0:00:02]} Nd4 {[%emt 0:00:12]} 18. Nxd4 {[%emt 0:00:12]} cxd4 {[%emt 0:00:04]} 19. f5 {[%emt 0:00:04]} Bb7 {[%emt 0:01:59]} 20. Qh5 {[%emt 0:00:50]} Qd7 {[%emt 0:05:30]} 21. Rf3 {[%emt 0:00:43]} Rad8 {[%emt 0:02:09]} 22. Rh3 {[%emt 0:00:05]} h6 {[%emt 0:00:03]} 23. Rg3 {[%emt 0:00:02]} Kh8 {[%emt 0:01:04]} 24. Nd2 {[%emt 0:02:18]} Re7 {[%emt 0:00:49]} 25. Nf3 {[%emt 0:00:11]} Qe8 {[%emt 0:00:29]} 26. Qh3 {[%emt 0:00:26]} Bxe4 {[%emt 0:00:35]} 27. dxe4 {[%emt 0:00:03]} Rxe4 {[%emt 0:00:06]} 28. Nh4 {[%emt 0:03:01]} d3 {[%emt 0:00:10]} 29. Ng6+ {[%emt 0:00:17]} Kg8 {[%emt 0:00:02]} 30. cxd3 {[%emt 0:00:42]} Bc5+ {[%emt 0:00:02]} 31. d4 {[%emt 0:00:39]} Rdxd4 {[%emt 0:00:03]} 32. Bxd4 {[%emt 0:02:26]} Bxd4+ {[%emt 0:00:02]} 33. Kf1 {[%emt 0:00:01]} Bxa1 {[%emt 0:00:08]} 34. Qh5 {[%emt 0:00:02]} Re1+ {[%emt 0:00:52]} 35. Kg2 {[%emt 0:00:01]} Bd4 {[%emt 0:00:39]} 36. Kh3 {[%emt 0:01:12]} Re3 {[%emt 0:00:34]} 37. Qg4 {[%emt 0:00:06]} Rxg3+ {[%emt 0:00:52]} 38. hxg3 {[%emt 0:00:02]} c5 {[%emt 0:00:32]} 39. Qf3 {[%emt 0:00:05]} Kh7 {[%emt 0:00:40]} 40. Nf4 {[%emt 0:00:34]} Qe1 {[%emt 0:00:23]} 41. Ne6 {[%emt 0:00:19]} Be5 {[%emt 0:00:21]} 42. Nf8+ {[%emt 0:00:04]} Kg8 {[%emt 0:00:04]} 43. Ne6 {[%emt 0:00:03]} Kh7 {[%emt 0:00:25]} 44. Nf8+ {[%emt 0:00:04]} Kg8 {[%emt 0:00:02]} 45. Ng6 {[%emt 0:00:03]} Kh7 {[%emt 0:00:11]} 46. Nf8+ {[%emt 0:00:11]} Kg8 {[%emt 0:00:02]} 47. Ng6 {[%emt 0:00:17]} Kh7 {[%emt 0:00:06]} 48. Nf8+ {[%emt 0:00:02]} Kg8 {[%emt 0:00:01]} 49. Ng6 {[%emt 0:00:01]} Kh7 {[%emt 0:00:01]} 1/2-1/2

[Event "Kurnosov Memorial Rapid 2019"]
[Site "Chelyabinsk"]
[Date "2019.09.07"]
[Round "6.9"]
[White "Kotsur, Pavel"]
[Black "Shcherbin, Matvei"]
[Result "1-0"]
[WhiteElo "2528"]
[BlackElo "2324"]
[Annotator "ChessBase"]
[PlyCount "53"]
[EventDate "2019.09.06"]
[EventType "swiss"]
[EventCountry "RUS"]
[SourceTitle "playchess.com"]
[Source "ChessBase"]
[SourceQuality "1"]
[TimeControl "900+10"]

1. e4 {[%emt 0:00:00]} c5 {[%emt 0:00:00]} 2. Nf3 {[%emt 0:00:00]} e6 {[%emt 0:00:00]} 3. d4 {[%emt 0:00:04]} cxd4 {[%emt 0:00:02]} 4. Nxd4 {[%emt 0:00:02]} Bc5 {[%emt 0:00:04]} 5. Nb3 {[%emt 0:01:45]} Bb6 {[%emt 0:00:05]} 6. Bd3 {[%emt 0:00:02]} Ne7 {[%emt 0:00:05]} 7. O-O {[%emt 0:00:08]} O-O {[%emt 0:00:05]} 8. N1d2 {[%emt 0:00:15]} Nbc6 {[%emt 0:00:53]} 9. Nc4 {[%emt 0:01:39]} Bc7 {[%emt 0:00:31]} 10. Ne3 {[%emt 0:00:02]} Ne5 {[%emt 0:02:49]} 11. Be2 {[%emt 0:00:09]} f5 {[%emt 0:00:02]} 12. f4 {[%emt 0:01:50]} N5g6 {[%emt 0:01:42]} 13. e5 {[%emt 0:00:05]} d6 {[%emt 0:01:00]} 14. exd6 {[%emt 0:00:05]} Bxd6 {[%emt 0:00:05]} 15. g3 {[%emt 0:00:30]} e5 {[%emt 0:01:36]} 16. Nc4 {[%emt 0:00:21]} Bc7 {[%emt 0:00:07]} 17. Qxd8 {[%emt 0:00:24]} Rxd8 {[%emt 0:00:02]} 18. fxe5 {[%emt 0:00:16]} Nxe5 {[%emt 0:02:31]} 19. Nxe5 {[%emt 0:00:33]} Bxe5 {[%emt 0:00:01]} 20. Bc4+ {[%emt 0:00:31]} Kf8 {[%emt 0:01:09]} 21. c3 {[%emt 0:00:13]} b6 {[%emt 0:01:13]} 22. Bg5 {[%emt 0:00:20]} h6 {[%emt 0:00:14]} 23. Be3 {[%emt 0:01:40]} Nd5 {[%emt 0:02:22]} 24. Bf2 {[%emt 0:00:55]} Nc7 {[%emt 0:01:45]} 25. Rae1 {[%emt 0:00:21]} Bf6 {[%emt 0:00:03]} 26. Bd4 {[%emt 0:00:14]} Be7 {[%emt 0:00:42]} 27. Bxg7+ {[%emt 0:00:09] Bf6} 1-0

[Event "Kurnosov Memorial Rapid 2019"]
[Site "Chelyabinsk"]
[Date "2019.09.07"]
[Round "6.10"]
[White "Sivuk, Vitaly"]
[Black "Tsvetkov, Andrey"]
[Result "1/2-1/2"]
[WhiteElo "2559"]
[BlackElo "2373"]
[Annotator "ChessBase"]
[PlyCount "57"]
[EventDate "2019.09.06"]
[EventType "swiss"]
[EventCountry "RUS"]
[SourceTitle "playchess.com"]
[Source "ChessBase"]
[SourceQuality "1"]
[TimeControl "900+10"]

1. d4 {[%emt 0:00:00]} d5 {[%emt 0:00:00]} 2. c4 {[%emt 0:00:00]} e6 {[%emt 0:00:00]} 3. Nc3 {[%emt 0:00:00]} c6 {[%emt 0:00:00]} 4. e4 {[%emt 0:00:03]} dxe4 {[%emt 0:00:00]} 5. Nxe4 {[%emt 0:00:02]} Bb4+ {[%emt 0:00:00]} 6. Bd2 {[%emt 0:00:02]} Qxd4 {[%emt 0:00:00]} 7. Bxb4 {[%emt 0:00:03]} Qxe4+ {[%emt 0:00:00]} 8. Ne2 {[%emt 0:00:02]} Na6 {[%emt 0:00:02]} 9. Bf8 {[%emt 0:00:02]} Qe5 {[%emt 0:00:08]} 10. Qd2 {[%emt 0:00:36]} Bd7 {[%emt 0:02:06]} 11. Bd6 {[%emt 0:01:25]} Qe4 {[%emt 0:02:11]} 12. f3 {[%emt 0:04:47]} Qh4+ {[%emt 0:02:13]} 13. g3 {[%emt 0:00:03]} Qf6 {[%emt 0:00:20]} 14. f4 {[%emt 0:00:31]} Ne7 {[%emt 0:01:54]} 15. Nc3 {[%emt 0:02:08]} c5 {[%emt 0:03:08]} 16. Ne4 {[%emt 0:03:07]} Qd4 {[%emt 0:00:14]} 17. Nxc5 {[%emt 0:02:10]} Qxd2+ {[%emt 0:00:26]} 18. Kxd2 {[%emt 0:00:02]} Bc6 {[%emt 0:00:07]} 19. Nxa6 {[%emt 0:00:20]} O-O-O {[%emt 0:00:01]} 20. c5 {[%emt 0:00:32]} Bxh1 {[%emt 0:00:23]} 21. Bd3 {[%emt 0:00:09]} Nf5 {[%emt 0:01:31]} 22. Bxf5 {[%emt 0:00:38]} exf5 {[%emt 0:00:16]} 23. Rxh1 {[%emt 0:00:26]} bxa6 {[%emt 0:00:00]} 24. Rc1 {[%emt 0:00:05]} Kb7 {[%emt 0:00:16]} 25. Rc3 {[%emt 0:00:09]} Rhe8 {[%emt 0:00:29]} 26. Rb3+ {[%emt 0:00:06]} Kc6 {[%emt 0:00:10]} 27. Ra3 {[%emt 0:00:02]} Kb7 {[%emt 0:01:02]} 28. Rb3+ {[%emt 0:00:02]} Kc6 {[%emt 0:00:01]} 29. Ra3 {[%emt 0:00:01]} 1/2-1/2

[Event "Kurnosov Memorial Rapid 2019"]
[Site "Chelyabinsk"]
[Date "2019.09.07"]
[Round "7.1"]
[White "Movsesian, Sergei"]
[Black "Ponkratov, Pavel"]
[Result "1/2-1/2"]
[WhiteElo "2654"]
[BlackElo "2644"]
[Annotator "TA"]
[PlyCount "34"]
[EventDate "2019.09.06"]
[EventType "swiss"]
[EventCountry "RUS"]
[SourceTitle "playchess.com"]
[Source "ChessBase"]
[SourceQuality "1"]

{[%evp 17,19,0,0,-4]} 1. e4 e5 2. Nf3 Nf6 3. Nc3 Nc6 4. d4 exd4 5. Nxd4 Bb4 6. Nxc6 bxc6 7. Bd3 O-O 8. O-O d5 9. exd5 cxd5 10. h3 {C47: Scotch Four Knights and Four Knights with 4 g3} (10. Bg5 c6 11. Qf3 Bd6 12. Rae1 Rb8 13. Nd1 h6 14. Bxf6 Qxf6 15. Qxf6 gxf6 16. b3 Kg7 17. Ne3 Re8 18. Nf5+ Bxf5 19. Bxf5 Re5 20. Bd7 Rb6 21. g3 {½-½ (43) Rapport,R (2726)-Ding,L (2809) Shenzhen 2019}) {Predecessor:} 10... c6 $146 11. Qf3 Re8 12. Bf4 Bd6 13. Rad1 Be6 14. Rfe1 Rb8 15. b3 Bxf4 16. Qxf4 Qa5 17. Qd2 Bd7 {½-½ (40) Ivanchuk,V (2677)-Anton Guijarro,D (2667) Havana 2019} 1/2-1/2

[Event "Kurnosov Memorial Rapid 2019"]
[Site "Chelyabinsk"]
[Date "2019.09.07"]
[Round "7.2"]
[White "Mirzoev, Azer"]
[Black "Volkov, Sergey"]
[Result "1/2-1/2"]
[WhiteElo "2502"]
[BlackElo "2557"]
[Annotator "TA"]
[PlyCount "28"]
[EventDate "2019.09.06"]
[EventType "swiss"]
[EventCountry "RUS"]
[SourceTitle "playchess.com"]
[Source "ChessBase"]
[SourceQuality "1"]

{[%evp 11,19,-9,-8,-15,-8,-6,-9,-12,-14,-46]} 1. d4 d5 2. Nf3 c5 3. e3 Nf6 4. dxc5 e6 5. a3 Bxc5 6. c4 O-O {The position is equal.} 7. Nc3 {D30: Queen's Gambit Declined: Systems without Nc3} dxc4 8. Qxd8 (8. Bxc4 Qxd1+ 9. Kxd1 a6 10. b4 Be7 11. Ke2 b5 12. Bd3 Bb7 13. Bb2 Nbd7 14. Rhd1 Rfc8 15. Rac1 Nb6 16. Nb1 Nfd5 17. Bd4 Nc4 18. Nfd2 Nxd2 19. Nxd2 Rxc1 20. Rxc1 a5 21. Bxb5 axb4 22. axb4 Bxb4 {½-½ (22) So,W (2778)-Nakamura,H (2769) Paris 2018}) 8... Rxd8 9. Bxc4 a6 10. Ke2 {Predecessor:} Nbd7 $146 11. Rd1 b5 12. Ba2 Bb7 13. Bd2 Rac8 14. Rac1 Kf8 {½-½ (23) Lenic,L (2568)-Predojevic,B (2641) Nova Gorica 2008} 1/2-1/2

[Event "Kurnosov Memorial Rapid 2019"]
[Site "Chelyabinsk"]
[Date "2019.09.07"]
[Round "7.3"]
[White "Yudin, Sergei"]
[Black "Belyakov, Bogdan"]
[Result "1/2-1/2"]
[WhiteElo "2494"]
[BlackElo "2495"]
[Annotator "TA"]
[PlyCount "29"]
[EventDate "2019.09.06"]
[EventType "swiss"]
[EventCountry "RUS"]
[SourceTitle "playchess.com"]
[Source "ChessBase"]
[SourceQuality "1"]

{[%evp 9,29,8,24,7,23,2,9,-8,-12,-22,-10,-19,3,0,20,33,25,-19,-14,0,-16,-7]} 1. e4 c5 2. Nf3 Nf6 3. e5 Nd5 4. g3 Nc6 5. Bg2 g6 (5... d6 6. exd6 Bg4 7. h3 Bxf3 8. Bxf3 Qxd6 9. Nc3 e6 10. Nxd5 exd5 11. O-O Be7 12. d3 O-O 13. c3 {1-0 (35) Rublevsky,S (2702)-Lintchevski,D (2579) St Petersburg 2015}) 6. O-O {B29: Sicilian: 2 Nf3 Nf6 (Nimzowitsch Variation)} Bg7 7. Re1 O-O 8. d3 d6 9. exd6 Qxd6 10. Nbd2 Qd8 11. Nb3 b6 12. d4 c4 13. Nbd2 c3 $146 ({Predecessor:} 13... b5 14. a4 c3 15. Ne4 b4 16. bxc3 bxc3 17. Ne5 Nxe5 18. dxe5 {½-½ (64) Kratochvil,M (2102)-Smistik,M (2341) Brno 2007}) 14. Ne4 cxb2 15. Bxb2 {Accuracy: White = 46%, Black = 69%.} 1/2-1/2

[Event "Kurnosov Memorial Rapid 2019"]
[Site "Chelyabinsk"]
[Date "2019.09.07"]
[Round "7.4"]
[White "Shariyazdanov, Andrey"]
[Black "Romanov, Evgeny"]
[Result "1/2-1/2"]
[WhiteElo "2477"]
[BlackElo "2579"]
[Annotator "TA"]
[PlyCount "69"]
[EventDate "2019.09.06"]
[EventType "swiss"]
[EventCountry "RUS"]
[SourceTitle "playchess.com"]
[Source "ChessBase"]
[SourceQuality "1"]

{[%evp 9,69,12,17,14,29,31,31,30,51,19,21,14,50,22,22,24,23,20,41,19,25,29,71,62,65,68,122,129,125,81,97,62,113,78,81,79,63,75,75,63,59,20,29,20,21,20,29,22,35,34,55,50,63,0,0,0,0,0,0,0,4,0]} 1. c4 e5 2. Nc3 Nc6 3. Nf3 g6 4. d4 exd4 5. Nxd4 Bg7 6. Nxc6 {A27: English Opening: Three Knights Variation} dxc6 (6... bxc6 7. g3 Ne7 8. Bg2 O-O 9. O-O d6 10. Bg5 Be6 11. Qd3 Rb8 12. b3 c5 13. Rad1 h6 14. Bc1 Re8 15. Qd2 Kh7 16. Bb2 Ng8 17. Rfe1 Nf6 18. h3 {½-½ (33) So,W (2765)-Mamedyarov,S (2817) Kolkata 2018}) 7. Qxd8+ Kxd8 8. Bg5+ {White is slightly better.} Ke8 9. e3 (9. e4 {looks sharper.} Be6 10. Be2 Be5 11. O-O-O Nf6 12. f3) 9... Be6 10. O-O-O Nf6 11. Be2 Nd7 $146 ({Predecessor:} 11... Rc8 12. Rd2 h6 13. Bh4 Nd7 {1-0 (42) Bobarykin,D (2239)-Demin,P (1922) Angarsk 2011}) 12. Kc2 Nc5 13. f3 a5 14. e4 $36 {[%mdl 2048] White has some pressure.} f5 15. Be3 Nd7 16. Rhe1 Kf7 17. Nd5 Rac8 ({But not} 17... cxd5 $2 18. cxd5 (18. exd5 Bxd5 19. Rxd5 Nf6 $16) 18... Nb6 19. dxe6+ Kxe6 20. exf5+ Kf7 21. fxg6+ hxg6 22. Bxb6 $18) ({Black should try} 17... Be5 $14) 18. Nf4 $16 {Hoping for c5.} fxe4 19. Nxe6 Kxe6 20. c5 {[#] And now Bc4+ would win.} Nf6 (20... Rhd8 $1 $14) 21. Bc4+ Ke7 22. Bg5 {aiming for Rxe4+.} Rhd8 23. Rxe4+ Kf8 24. Rf4 Rxd1 25. Bxf6 (25. Kxd1 {is interesting.} Ke7 26. Rh4 Rh8 27. Re4+ Kd8 28. Kc2) 25... Rd5 $1 {[%cal Rd5f5]} 26. Bxd5 cxd5 $11 {[%mdl 4096] Endgame KRB-KRB} 27. Bc3+ Kg8 28. Bxa5 b6 29. Bb4 Re8 30. cxb6 cxb6 31. Kd3 (31. Bd2 $14) 31... Bxb2 {The position is equal.} 32. Bd2 Be5 33. Rb4 Bxh2 34. Rxb6 {White wants to play a4.} Ra8 35. Rb5 {Accuracy: White = 62%, Black = 54%.} 1/2-1/2

[Event "Kurnosov Memorial Rapid 2019"]
[Site "Chelyabinsk"]
[Date "2019.09.07"]
[Round "7.5"]
[White "Slizhevsky, Alexander"]
[Black "Kotsur, Pavel"]
[Result "1/2-1/2"]
[WhiteElo "2459"]
[BlackElo "2528"]
[Annotator "TA"]
[PlyCount "33"]
[EventDate "2019.09.06"]
[EventType "swiss"]
[EventCountry "RUS"]
[SourceTitle "playchess.com"]
[Source "ChessBase"]
[SourceQuality "1"]

{[%evp 22,27,0,0,0,0,0,0]} 1. e4 c5 2. Nf3 e6 3. d4 cxd4 4. Nxd4 a6 5. Be2 Nf6 6. Nc3 d6 7. O-O Be7 8. f4 O-O 9. a4 Qc7 10. Kh1 b6 11. Bf3 Bb7 12. e5 {The position is equal.} dxe5 {B84: Sicilian Scheveningen: 6 Be2 a6, lines without early Be3} 13. fxe5 Nfd7 14. Bxb7 {[#]} {Predecessor:} Qxb7 $146 15. Bf4 Nc6 16. Qf3 Rac8 17. Rad1 {½-½ (17) Movsesian,S (2723)-Grachev,B (2668) Sibenik 2010} 1/2-1/2

[Event "Kurnosov Memorial Rapid 2019"]
[Site "Chelyabinsk"]
[Date "2019.09.07"]
[Round "7.6"]
[White "Drygalov, Andrey"]
[Black "Lobanov, Sergei"]
[Result "0-1"]
[WhiteElo "2499"]
[BlackElo "2515"]
[Annotator "TA"]
[PlyCount "52"]
[EventDate "2019.09.06"]
[EventType "swiss"]
[EventCountry "RUS"]
[SourceTitle "playchess.com"]
[Source "ChessBase"]
[SourceQuality "1"]

{[%evp 9,52,-33,-37,-73,-88,-99,-98,-113,-99,-151,-159,-162,-39,-60,-62,-87,-82,-187,-184,-251,-247,-276,-295,-358,-346,-347,-350,-355,-356,-366,-234,-237,-249,-240,-239,-227,-203,-216,-200,-214,-205,-207,-129,-622,-608]} 1. Nf3 d5 2. c4 d4 3. b4 f6 4. Qa4+ (4. e3 e5 5. c5 a5 6. Qa4+ Qd7 7. Bb5 c6 8. Bc4 Ne7 9. b5 Nd5 10. Ba3 Nc7 11. bxc6 Nxc6 12. O-O Nb4 13. Qb3 Bxc5 14. exd4 b5 {½-½ (14) Maghsoodloo,P (2673)-Wang,H (2718) Sharjah 2019}) 4... Bd7 5. Qb3 e5 6. c5 {A09: Réti Opening: 1 Nf3 d5 2 c4} a5 7. e3 axb4 $146 {And now ...Nc6 would win.} ({Predecessor:} 7... dxe3 8. fxe3 axb4 9. Bc4 Nh6 10. d4 Nc6 11. O-O Na5 12. Qxb4 Nxc4 13. Qxc4 {1-0 (34) Nguyen,P (2419)-Kozusek,D (2350) Prague 2019}) 8. Bc4 {Black is better.} Nh6 9. O-O (9. exd4 $142 exd4 10. O-O) 9... Bxc5 $17 10. exd4 exd4 (10... Ba4 $19 11. Qd3 Bxd4 12. Nxd4 Qxd4 13. Qxd4 exd4) 11. Re1+ Kf8 12. d3 Nf5 13. Bd2 (13. Nbd2 $17) 13... Nc6 $19 14. Qb2 (14. Bb5 $142) 14... g5 15. Bd5 Kg7 16. Qc1 Bd6 17. h3 Re8 18. Be4 h6 19. Qb2 Bc5 20. a3 bxa3 21. Nxa3 Nd6 22. Bxc6 Rxe1+ ({But not} 22... bxc6 23. Rxe8 Qxe8 24. Nxd4) 23. Bxe1 {[#] Bxd7 is the strong threat.} Bxc6 24. Nxd4 Bxd4 25. Qxd4 Nb5 26. Nxb5 $4 {[%mdl 8192]} (26. Qxd8 $17 Rxd8 27. Nxb5 Bxb5 28. Ra7) 26... Qxd4 {Accuracy: White = 30%, Black = 64%.} ({Not} 26... Bxb5 27. Qxd8 Rxd8 28. Ra7 $17) 0-1